| 000 | 00891nam a2200241 a 4500 | ||
|---|---|---|---|
| 005 | 20171107153640.0 | ||
| 008 | 140310b1998 ne a||||r|||| 00| 0 eng d | ||
| 040 |
_aCO-BoIAVH _cCO-BoIAVH |
||
| 041 | 0 | _aeng | |
| 044 | _ack | ||
| 082 | 0 | 4 |
_a338.173 _bC39e |
| 110 | 2 | _aCentre for the Promotion of Imports from Developing Countries (CBI) | |
| 245 | 1 | 0 |
_aExporting plants and young plant material : _ba survey of the major markets in the European Union |
| 260 |
_a[s.l.] : _bCBI : _bCOLEACP, _c1998. |
||
| 300 |
_a88 páginas : _bilustraciones y tablas ; _c30 x 21 cm. |
||
| 650 | 2 | 6 | _aComercio agrícola |
| 650 | 2 | 4 | _aBiocomercio |
| 650 | 2 | 6 |
_aPlantas _xComercio internacional |
| 650 | 2 | 6 |
_aPlantas _xMercadeo |
| 650 | 2 | 6 | _aUnión Europea |
| 710 | 2 | _aThe Europe-Africa-Caribbean-Pacific Liaison Committee (COLEACP) | |
| 942 |
_cLIBRO _2ddc |
||
| 999 |
_c3301 _d3301 |
||